Language Quiz

Random Language Quiz
Score 0/20 Timer 05:00
2 Plays Today
% Correct
Spanish
99.3%
English
98.5%
French
98.5%
Chinese
98%
German
97.1%
Korean
94.1%
Arabic
88.1%
Japanese
86%
Greek
70.1%
Italian
67.2%
% Correct
Vietnamese
61.4%
Russian
59.9%
Swedish
59.7%
Czech
54.5%
Portuguese
52.7%
Polish
39.9%
Hindi
26.1%
Swahili
24.6%
Turkish
21.5%
Bengali
13%
Remove Ads.
Support Sporcle.
Get the best of Sporcle when you Go Orange. This ad-free experience offers more features, more stats, and more fun while also helping to support Sporcle. Thank you for becoming a member.

You're not logged in!

Compare scores with friends on all Sporcle quizzes.
OR
Log In

Show Comments

Extras

Top Quizzes Today


Score Distribution

Your Account Isn't Verified!

In order to create a playlist on Sporcle, you need to verify the email address you used during registration. Go to your Sporcle Settings to finish the process.

Report this User

Report this user for behavior that violates our Community Guidelines.

Details: